Common Chess Openings - Statistics

General Stats
  • This quiz has been taken 315 times
  • The average score is 8 of 15
Answer Stats
From most used to least used! Answer % Correct
6 Queen's Pawn Game
88%
9 Sicilian
84%
5 Sicilian Alapin
84%
11 Sicilian Closed
84%
10 Sicilian Declined
84%
12 Sicilian Dragon
84%
7 Sicilian Najdorf
84%
3 King's Indian Attack
48%
13 English
46%
14 Scandinavian
37%
4 Queen's Indian
27%
1 Reti Opening
21%
8 Queen's Pawn Game Declined
10%
15 Caro-Kann Defense
7%
2 Robatsch
1%
No matching quizzes found
Score Distribution
Percent of People with Each Score
Percentile by Number Answered
Your Score History
You have not taken this quiz